[Event "SVK-chT4 A21 2223"]
[Site "Slovakia"]
[Date "2022.11.13"]
[Round "3.5"]
[White "Selko, Jaroslav"]
[Black "Ralbovsky, Milan"]
[Result "0-1"]
[WhiteElo "1253"]
[BlackElo "1335"]
[PlyCount "40"]
[EventDate "2022.10.09"]
[EventType "team-tourn"]
[EventRounds "11"]
[EventCountry "SVK"]
[SourceTitle "EXT 2024"]
[Source "ChessBase"]
[SourceDate "2023.10.10"]
[SourceVersion "1"]
[SourceVersionDate "2023.10.10"]
[SourceQuality "1"]
[WhiteTeam "Smolenice"]
[BlackTeam "Petrova Ves"]
[WhiteTeamCountry "SVK"]
[BlackTeamCountry "SVK"]

1. e4 b6 2. Nc3 Bb7 3. a3 e6 4. Nf3 h6 5. d4 Nf6 6. Ne5 Nxe4 7. Nxe4 Bxe4 8. Qe2 Bh7 9. Rg1 Nc6 10. Nxc6 dxc6 11. Be3 Bd6 12. g3 Qf6 13. Bg2 0-0 14. Bxc6 Rad8 15. 0-0-0 e5 16. f4 exf4 17. Rgf1 Qe6 18. gxf4 Bxf4 19. Rxf4 Qxc6 20. Qf3 Qxc2# 0-1

[Event "SVK-chT4 A21 2122"]
[Site "Slovakia"]
[Date "2022.03.27"]
[Round "11.4"]
[White "Stolar, Michal"]
[Black "Selko, Jaroslav"]
[Result "1-0"]
[WhiteElo "1554"]
[BlackElo "1255"]
[PlyCount "79"]
[EventDate "2021.10.17"]
[EventType "team-tourn"]
[EventRounds "11"]
[EventCountry "SVK"]
[SourceTitle "EXT 2024"]
[Source "ChessBase"]
[SourceDate "2023.10.10"]
[SourceVersion "1"]
[SourceVersionDate "2023.10.10"]
[SourceQuality "1"]
[WhiteTeam "Piestany Kupele III"]
[BlackTeam "Smolenice"]
[WhiteTeamCountry "SVK"]
[BlackTeamCountry "SVK"]

1. e4 e5 2. Bc4 Nc6 3. a3 Nf6 4. d3 h6 5. Nc3 a6 6. Nf3 Bc5 7. 0-0 0-0 8. b4 Bd4 9. Nxd4 Nxd4 10. Ne2 Nxe2+ 11. Qxe2 d6 12. f4 Be6 13. fxe5 dxe5 14. Be3 b6 15. h3 Bxc4 16. dxc4 Nxe4 17. Qg4 Ng5 18. h4 Qc8 19. Qxc8 Raxc8 20. hxg5 hxg5 21. Bxg5 f6 22. Be3 Rcd8 23. Rad1 Rfe8 24. g3 Kf7 25. Kf2 Kg6 26. Ke2 Rh8 27. Rxd8 Rxd8 28. Rd1 Rxd1 29. Kxd1 Kf5 30. Ke2 Ke4 31. c5 bxc5 32. Bxc5 g5 33. Be7 Kf5 34. Bd8 c6 35. c3 Ke6 36. g4 f5 37. Bxg5 fxg4 38. Ke3 Kf5 39. Bh4 e4 40. Bg3 1-0